000 01425nam0a2200337 4500
001 RU\NLR\bibl\8063
005 20260406160754.0
010 _a5-09-007769-Х
_950000
021 _aRU
_b98-9375
_9441
035 _a(NLR Aleph) 000007872
090 _a24692
_c24692
100 _a19981119d1998 |||y0rusy50 ca
101 0 _arus
102 _aRU
105 _a|||||||||||||
200 1 _aСиняя птица
_eУчеб. фр. яз. для 7 кл. общеобразоват. учреждений
_fН.А. Селиванова, А.Ю. Шашурина
210 _aМ.
_cПросвещение
_d1998
215 _a263 с
_cцв. ил.
_d22
300 _aНа обл.: L'oiseau bleu. 7 / N. Selivanova, A. Chachourina
512 1 _6z77790
_aL'oiseau bleu. 7
686 _aШ147.11-93рус21[7]
700 1 _4070
_8rus
_7ca
_aСеливанова
_bН. А.
_f1970-
_gНаталья Алексеевна
_3RU\NLR\AUTH\778357
_9118267
701 1 _4070
_8rus
_7ca
_aШашурина
_bА. Ю.
_f1970-
_gАлла Юрьевна
_3RU\NLR\AUTH\778360
_9118270
790 1 _4070
_7ba
_8rus
_aSelivanova
_bN. А.
_f1970-
_gNatal'ja Alekseevna
_9193223
_3RU\NLR\AUTH\770193274
790 1 _4070
_8rus
_7ba
_aŠašurina
_bA. J.
_f1970-
_gAlla Jur'evna
_3RU\NLR\AUTH\778374
_9118283
801 0 _aRU
_bNLR
_c19981119
_gPSBO
801 1 _aRU
_bNLR
_c19981119
830 _aАвт. раскрыты по кн.
852 _aNLR
_j98-5/953
942 _cBOOK
980 _aNB